000 02350nam1a22004931 4500
001 RU\NLR\A1\1256
005 20260407103848.0
035 _a(NLR Aleph) 009671410
090 _a9663046
_c9663046
100 _a19960827d1794 m y0rusy50 ca
101 1 _arus
_bfre
_ceng
102 _aRU
140 _ay y eayaa0100
200 1 _aЖизнь девицы Матильды,
_eслужащая продолжением Простой истории,
_fсочиненная на англинском языке госпожею Инхбальд,
_gс котораго переведена на французской господином Дешампом,
_gа с сего на российской Михайлом Копьевым
210 _aМосква
_cв Университетской типографии, у Ридигера и Клаудия
_d1794
215 _d12°
300 _aЦенз.: А.Брянцев
321 1 _aСК XVIII 2604
463 0 _1001RU\NLR\A1\1257
_99663050
_p174 с.
_tЧ.1
463 0 _1001RU\NLR\A1\1258
_99663054
_p175-316 с.
_tЧ.2
620 _dМосква
700 1 _4070
_7ca
_8rus
_aИнчболд
_bЭ.
_f1753-1821
_gЭлизабет
_9232428
_3RU\NLR\AUTH\770232484
702 1 _4730
_7ca
_8rus
_aКопьев
_bМ.
_gМихаил
_9160336
_3RU\NLR\AUTH\770160378
702 1 _4730
_7ca
_8rus
_aДешан
_bЖ. М.
_f-1826
_gЖан Мари
_9251421
_3RU\NLR\AUTH\770251477
702 1 _4610
_7ca
_8rus
_aРидигер
_bХ.
_gХристиан
_9232514
_3RU\NLR\AUTH\770232570
702 1 _4610
_7ca
_8rus
_aКлаудий
_bХ.А.
_f-1805
_gХристофор Александрович
_9232381
_3RU\NLR\AUTH\770232437
702 1 _4190
_8rus
_7ca
_aБрянцев
_bА. М.
_f1749-1821
_gАндрей Михайлович
_3RU\NLR\AUTH\77100860
_983786
712 0 2 _4610
_aМосковский университет
_bТипография
_3RU\NLR\AUTH\889932963
_9361140
790 1 _6z02702
_aДешамп
_4730
801 0 _aRU
_bNLR
_c19960827
852 _aNLR
_j18.226.4.8
852 _aNLR
_j138/1500
852 _aNLR
_bРЗФ
_j18 в. 3/1163
852 _aNLR
_bРЗФ
_j18 в. 3/1163а
899 _aВГБИЛ
899 _aРГБ
899 _aБАН
899 _aЗНБ СГУ
899 _aГПИБ
899 _aГМЗРК
942 _cBOOK
980 _aNB
980 _aA1XVIIIv